ONLINE PUBLIC ACCESS CATALOG(OPAC)

Malgudi days (Record no. 65682)

MARC details
000 -LEADER
fixed length control field 00300nam a2200121 4500
008 - FIXED-LENGTH DATA ELEMENTS--GENERAL INFORMATION
fixed length control field 260214b |||||||| |||| 00| 0 eng d
020 ## - INTERNATIONAL STANDARD BOOK NUMBER
International Standard Book Number 9788185986173
100 ## - MAIN ENTRY--PERSONAL NAME
Personal name Narayan, R. K.
245 ## - TITLE STATEMENT
Title Malgudi days
260 ## - PUBLICATION, DISTRIBUTION, ETC. (IMPRINT)
Place of publication, distribution, etc Madras
Name of publisher, distributor, etc Indian thought publication
Date of publication, distribution, etc 2014
300 ## - PHYSICAL DESCRIPTION
Extent 365p.
942 ## - ADDED ENTRY ELEMENTS (KOHA)
Source of classification or shelving scheme Dewey Decimal Classification
Item type Books
Holdings
Withdrawn status Lost status Source of classification or shelving scheme Damaged status Not for loan Home library Current library Date acquired Source of acquisition Cost, normal purchase price Total Checkouts Full call number Barcode Date last seen Koha item type Public note
    Dewey Decimal Classification     College of Journalism & Mass Communication College of Journalism & Mass Communication 14/02/2026 Campus Book House 275.00   823.1 NAR JM598 14/02/2026 Reference Rack No. R13 Shelf No. 30

Powered by Koha